000 00700nam a22002770a 4500
001 PT53126
003 AR-LpoUNG
005 20210131231547.0
008 191001s1966||||ag |||||||||||||||||spa d
040 _aAR-LpoUNG
_bspa
_cAR-LpoUNG
_eaacr
041 _aspa
044 _aag
082 0 _aA863 274per
100 1 _aLange, Norah
245 1 0 _aPersonas en la sala
250 _a1ra. ed.
260 _aBuenos Aires :
_bCentro Editor de América Latina,
_c1966.
300 _a119 p. :
_btbls.
650 4 _aARGENTINA
650 4 _aLITERATURA
650 4 _aNOVELAS
651 4 _aDOCUMENTOS TEORICOS O METODOLOGICOS
653 _aLITERATURA ARGENTINA
905 _a53126
942 _cLIB
999 _c10752
_d10752